000 00474nab a2200145Ia 4500
003 ES-SlBCS
005 20210601125506.0
008 140529s2001 xxu||||| |||| 00| 0 eng d
041 _aeng
100 1 _aBrown, Vivienne
_9152381
245 0 0 _aRights in Aristotle's Politics and Nicomachean Ethics
_c Vivienne Brown
600 0 4 _aAristóteles-Filosofía Política
_9159269
773 0 _tReview of Methaphysics
_gvol. 55/2, nº. 218, 2001, págs. 269-296
_wRev843
942 _cAR
999 _c531187
_d531187